Агасфер: роман; в 4 т.; пер. с фр.
| Egile nagusia: | |
|---|---|
| Gaia: | Репринтное воспроизведение с издания ACADEMIA 1933 |
| Hizkuntza: | errusiera |
| Argitaratua: |
Москва, Терра, 1990
|
| Formatua: | MixedMaterials Liburua |
| KOHA link: | https://koha.lib.tpu.ru/cgi-bin/koha/opac-detail.pl?biblionumber=81159 |
MARC
| LEADER | 00000nam1a2200000 4500 | ||
|---|---|---|---|
| 001 | 81159 | ||
| 005 | 20231031095034.0 | ||
| 035 | |a (RuTPU)RU\TPU\book\87255 | ||
| 090 | |a 81159 | ||
| 100 | |a 20050917e1990 m y0rusy50 ca | ||
| 101 | 1 | |a rus |c fre | |
| 102 | |a RU | ||
| 200 | 1 | |a Агасфер |e роман |e в 4 т. |e пер. с фр. |f Э. Сю | |
| 210 | |a Москва |a Ленинград |c Терра |c Вся Москва |d 1990 | ||
| 300 | |a Репринтное воспроизведение с издания ACADEMIA 1933 | ||
| 700 | 1 | |a Сю |b Э. |g Эжен | |
| 801 | 1 | |a RU |b 63413507 |c 20050917 |g PSBO | |
| 801 | 2 | |a RU |b 63413507 |c 20060412 |g PSBO | |
| 942 | |c BK | ||